000 00546nam a22002051 4500
001 bimo0000925252
003 OSt
005 20130424152424.0
008 900725s1961 sp spa
035 _a(OCoLC)318443032
040 _aSpMaBN
_cBMC
082 _a860
100 2 0 _aGómez de la Serna, Ramón
_d1888-1963
_946
245 1 4 _aLos muertos y las muertas
_cRamón Gómez de la Serna
250 _a3ª ed. corr. y aum
260 0 _aMadrid
_bEspasa-Calpe
_c1961
300 _a205 p.
_c18 cm
490 0 _aAustral
_v308
942 _2ddc
_cBK
999 _c235
_d235